[Event "Fide Women Grand Prix Geneva 2013"]
[Site "Geneva SUI"]
[Date "2013.05.10"]
[Round "7.2"]
[White "Cmilyte, Viktorija"]
[Black "Khotenashvili, Bela"]
[Result "0-1"]
[WhiteElo "2522"]
[BlackElo "2505"]
[PlyCount "88"]
[EventDate "2013.05.03"]
[EventType "tourn"]
[EventRounds "11"]
[EventCountry "SUI"]
[EventCategory "11"]
[Source "lmi"]
[SourceDate "2013.05.03"]

1. d4 d5 2. c4 e6 3. Nc3 Be7 4. Nf3 Nf6 5. Bg5 O-O 6. e3 h6 7. Bxf6 Bxf6 8. Qb3
c6 9. O-O-O Nd7 10. Kb1 a5 11. Qc2 a4 12. h4 g6 13. h5 g5 14. e4 a3 15. e5 Bg7
16. b3 f6 17. cxd5 exd5 18. e6 Ne5 19. dxe5 fxe5 20. Bd3 Qf6 21. e7 Qxe7 22.
Rhe1 Bg4 23. Rd2 Bxf3 24. gxf3 Rxf3 25. Ne4 Raf8 26. Qc5 Qxc5 27. Nxc5 e4 28.
Nxe4 dxe4 29. Rxe4 Rxf2 30. Bc4+ Kh8 31. Rxf2 Rxf2 32. Re8+ Rf8 33. Re7 g4 34.
Re4 g3 35. Rg4 b5 36. Bd3 Rf3 37. Be4 Rf2 38. Rxg3 Rb2+ 39. Kc1 Rxa2 40. Rd3
Be5 41. Rd8+ Kg7 42. Ra8 Re2 43. Bd3 Rh2 44. Bc2 b4 0-1

[Event "Fide Women Grand Prix Geneva 2013"]
[Site "Geneva SUI"]
[Date "2013.05.10"]
[Round "7.3"]
[White "Muzychuk, Anna"]
[Black "Kosintseva, Tatiana"]
[Result "1-0"]
[WhiteElo "2585"]
[BlackElo "2517"]
[PlyCount "109"]
[EventDate "2013.05.03"]
[EventType "tourn"]
[EventRounds "11"]
[EventCountry "SUI"]
[EventCategory "11"]
[Source "lmi"]
[SourceDate "2013.05.03"]

1. e4 e5 2. Nf3 Nc6 3. Bb5 a6 4. Bxc6 dxc6 5. O-O Bd6 6. d4 exd4 7. Qxd4 f6 8.
Be3 Ne7 9. Nbd2 Be6 10. Qc3 Qd7 11. Nd4 O-O-O 12. Nxe6 Qxe6 13. Qb3 Qxb3 14.
axb3 Rhe8 15. Rfd1 Ng6 16. f3 f5 17. g3 Be5 18. c3 f4 19. Bf2 Rf8 20. Kg2 fxg3
21. hxg3 Rd3 22. Kf1 h5 23. Ke2 Rd7 24. Nc4 Bf6 25. Rxd7 Kxd7 26. f4 h4 27. f5
hxg3 28. Bxg3 Ne7 29. Rg1 c5 30. Bf4 b5 31. Ne3 Nc6 32. Nd5 Re8 33. Ke3 b4 34.
Kd3 bxc3 35. bxc3 Ne5+ 36. Bxe5 Bxe5 37. Rg6 c6 38. Nb6+ Kc7 39. Na4 Rh8 40.
Kc4 Bf6 41. Rg3 Kd6 42. Nxc5 a5 43. Rd3+ Ke5 44. Rd4 Kf4 45. Nd3+ Kg5 46. Rd6
Re8 47. Nc5 Rc8 48. Ne6+ Kh4 49. Nd4 Kg4 50. Rxc6 Ra8 51. Ne6 Ra7 52. Rc7 Ra8
53. Kd5 Rb8 54. e5 Bh4 55. Nd4 1-0

[Event "Fide Women Grand Prix Geneva 2013"]
[Site "Geneva SUI"]
[Date "2013.05.10"]
[Round "7.4"]
[White "Girya, Olga"]
[Black "Dzagnidze, Nana"]
[Result "0-1"]
[WhiteElo "2463"]
[BlackElo "2545"]
[PlyCount "80"]
[EventDate "2013.05.03"]
[EventType "tourn"]
[EventRounds "11"]
[EventCountry "SUI"]
[EventCategory "11"]
[Source "lmi"]
[SourceDate "2013.05.03"]

1. d4 Nf6 2. c4 e6 3. Nf3 Bb4+ 4. Bd2 a5 5. Nc3 O-O 6. Qc2 d6 7. e3 Nbd7 8. a3
Bxc3 9. Bxc3 Qe7 10. Be2 b6 11. O-O Bb7 12. Rfd1 Ne4 13. Be1 f5 14. b4 Ng5 15.
d5 Nxf3+ 16. Bxf3 axb4 17. axb4 Ne5 18. Be2 b5 19. dxe6 Qg5 20. f3 Nxf3+ 21.
Bxf3 Bxf3 22. Rdc1 Be4 23. Qe2 bxc4 24. e7 Qxe7 25. Rxa8 Bxa8 26. Qxc4+ Kh8 27.
Qd4 Be4 28. Ra1 Qg5 29. Bg3 h5 30. Ra2 Kh7 31. Bf4 Qg6 32. h4 Qg4 33. Bg5 Ra8
34. Qd2 Bxg2 35. Rxa8 Bxa8+ 36. Kf2 Bf3 37. Qd3 c5 38. bxc5 dxc5 39. Ke1 c4 40.
Qc3 Qg1+ 0-1

[Event "Fide Women Grand Prix Geneva 2013"]
[Site "Geneva SUI"]
[Date "2013.05.10"]
[Round "7.5"]
[White "Lagno, Kateryna"]
[Black "Hou, Yifan"]
[Result "0-1"]
[WhiteElo "2548"]
[BlackElo "2617"]
[PlyCount "110"]
[EventDate "2013.05.03"]
[EventType "tourn"]
[EventRounds "11"]
[EventCountry "SUI"]
[EventCategory "11"]
[Source "lmi"]
[SourceDate "2013.05.03"]

1. e4 c5 2. Nf3 d6 3. d4 cxd4 4. Nxd4 Nf6 5. Nc3 e6 6. g4 h6 7. Rg1 e5 8. Bb5+
Bd7 9. Bxd7+ Nbxd7 10. Nf5 Nc5 11. Qf3 Ne6 12. Nd5 Nxd5 13. exd5 Nc5 14. g5
hxg5 15. Bxg5 Qd7 16. O-O-O Qa4 17. Be3 Rc8 18. Kb1 g6 19. Ng3 Rh4 20. Rge1 Rb4
21. c3 Rb6 22. Qe2 Ra6 23. a3 Qb3 24. Qg4 Nd7 25. Qb4 Qc4 26. Ne4 Be7 27. f3 f5
28. Qxc4 Rxc4 29. Nd2 Rh4 30. Re2 Nb6 31. Bxb6 axb6 32. Kc2 Kf7 33. Nf1 Rh3 34.
Rd3 Ra4 35. Rg2 Rf4 36. Nd2 Rfh4 37. Nf1 Bf8 38. Rg3 Bh6 39. Rxh3 Rxh3 40. c4
Ke7 41. Rb3 Kd7 42. c5 dxc5 43. Rxb6 Rxf3 44. Rxg6 Rf2+ 45. Kc3 Bc1 46. Ng3 b5
47. Rg7+ Kd6 48. Rf7 Bxb2+ 49. Kb3 Kxd5 50. Rxf5 Rxh2 51. Nf1 Re2 52. a4 c4+
53. Kb4 c3 54. Rf8 c2 55. Rd8+ Ke6 0-1

[Event "Fide Women Grand Prix Geneva 2013"]
[Site "Geneva SUI"]
[Date "2013.05.11"]
[Round "8.4"]
[White "Kosintseva, Tatiana"]
[Black "Girya, Olga"]
[Result "1-0"]
[WhiteElo "2517"]
[BlackElo "2463"]
[PlyCount "65"]
[EventDate "2013.05.03"]
[EventType "tourn"]
[EventRounds "11"]
[EventCountry "SUI"]
[EventCategory "11"]
[Source "lmi"]
[SourceDate "2013.05.03"]

1. e4 c6 2. d4 d5 3. e5 c5 4. c3 Nc6 5. Nf3 Bg4 6. dxc5 e6 7. Be3 Bxf3 8. Qxf3
Nxe5 9. Bb5+ Nc6 10. O-O Nge7 11. Rd1 a6 12. Ba4 Nf5 13. c4 Qa5 14. cxd5 Qxa4
15. Nc3 Ne5 16. Nxa4 Nxf3+ 17. gxf3 exd5 18. Rxd5 Ne7 19. Rd3 Nc6 20. Nb6 Rd8
21. Rxd8+ Nxd8 22. Rd1 Be7 23. Rd7 Bf6 24. b4 O-O 25. Nc4 Bc3 26. a3 f5 27. Nd6
Nc6 28. f4 g5 29. Rxb7 gxf4 30. Bxf4 Bg7 31. a4 Nd4 32. Rxg7+ Kxg7 33. Be5+ 1-0

[Event "Fide Women Grand Prix Geneva 2013"]
[Site "Geneva SUI"]
[Date "2013.05.11"]
[Round "8.5"]
[White "Khotenashvili, Bela"]
[Black "Muzychuk, Anna"]
[Result "1/2-1/2"]
[WhiteElo "2505"]
[BlackElo "2585"]
[PlyCount "51"]
[EventDate "2013.05.03"]
[EventType "tourn"]
[EventRounds "11"]
[EventCountry "SUI"]
[EventCategory "11"]
[Source "lmi"]
[SourceDate "2013.05.03"]

1. d4 d5 2. c4 c6 3. Nf3 Nf6 4. e3 Bf5 5. Nc3 e6 6. Qb3 Qc7 7. Nh4 Be4 8. f3
Bg6 9. g3 Be7 10. Bd2 Nbd7 11. Rc1 Qb6 12. Qxb6 axb6 13. cxd5 Nxd5 14. Nxg6
hxg6 15. a3 Nxc3 16. Bxc3 b5 17. Bd3 Nb6 18. Bd2 g5 19. Ke2 Kd7 20. e4 Ra4 21.
Be3 Bf6 22. Bc2 Raa8 23. Bd3 Ra4 24. Bc2 Raa8 25. Bd3 Ra4 26. Bc2 1/2-1/2

[Event "Fide Women Grand Prix Geneva 2013"]
[Site "Geneva SUI"]
[Date "2013.05.11"]
[Round "8.6"]
[White "Batchimeg, Tuvshintugs"]
[Black "Cmilyte, Viktorija"]
[Result "1/2-1/2"]
[WhiteElo "2298"]
[BlackElo "2522"]
[PlyCount "139"]
[EventDate "2013.05.03"]
[EventType "tourn"]
[EventRounds "11"]
[EventCountry "SUI"]
[EventCategory "11"]
[Source "lmi"]
[SourceDate "2013.05.03"]

1. d4 Nf6 2. c4 e6 3. Nf3 d5 4. Nc3 c5 5. cxd5 Nxd5 6. e3 Nc6 7. Bb5 cxd4 8.
Nxd4 Bd7 9. Nxd5 exd5 10. O-O Bd6 11. Qf3 Qg5 12. g3 O-O 13. h4 Qe5 14. Bd2 a6
15. Bxc6 bxc6 16. Bc3 Qe4 17. Qxe4 dxe4 18. Rfd1 Be7 19. Rd2 c5 20. Ne2 Bc6 21.
Ba5 f6 22. Rc1 Bb5 23. Nf4 Rfb8 24. Nd5 Bf8 25. b3 Ra7 26. Nc7 Bd3 27. Ne6 Rb5
28. Bc3 Bd6 29. Bb2 Kf7 30. Nf4 Bxf4 31. exf4 Rd7 32. Rc3 Rd5 33. f3 f5 34. Kf2
Ke6 35. fxe4 fxe4 36. Ke3 g6 37. g4 h5 38. Rg2 Kf7 39. Rc1 Rb6 40. Be5 hxg4 41.
Rxg4 Bb5 42. Kxe4 Bc6 43. Ke3 Rb4 44. Rcg1 Rd8 45. f5 Rxg4 46. Rxg4 gxf5 47.
Rg7+ Ke6 48. Rg6+ Kxe5 49. Rxc6 f4+ 50. Ke2 Rg8 51. Rxc5+ Ke4 52. Rc4+ Kf5 53.
Kf3 Rg3+ 54. Kf2 Rh3 55. Ra4 Kg4 56. Rxa6 Rh2+ 57. Kg1 Rb2 58. Rg6+ Kf3 59. h5
Rxa2 60. h6 Ra1+ 61. Kh2 Ra5 62. b4 Rd5 63. Rc6 Rh5+ 64. Kg1 Rg5+ 65. Kf1 Rh5
66. Kg1 Rg5+ 67. Kh2 Rh5+ 68. Kg1 Rg5+ 69. Kh2 Rh5+ 70. Kg1 1/2-1/2

[Event "Fide Women Grand Prix Geneva 2013"]
[Site "Geneva SUI"]
[Date "2013.05.13"]
[Round "9.2"]
[White "Muzychuk, Anna"]
[Black "Batchimeg, Tuvshintugs"]
[Result "1-0"]
[WhiteElo "2585"]
[BlackElo "2298"]
[PlyCount "81"]
[EventDate "2013.05.03"]
[EventType "tourn"]
[EventRounds "11"]
[EventCountry "SUI"]
[EventCategory "11"]
[Source "lmi"]
[SourceDate "2013.05.03"]

1. e4 e5 2. Nf3 Nc6 3. Bb5 a6 4. Ba4 Nf6 5. O-O Be7 6. Re1 b5 7. Bb3 d6 8. c3
O-O 9. d4 Bg4 10. Be3 exd4 11. cxd4 d5 12. e5 Ne4 13. h3 Bh5 14. Nbd2 Na5 15.
Bc2 Nxd2 16. Bxd2 Nc4 17. g4 Bg6 18. b3 Nxd2 19. Qxd2 c5 20. dxc5 Bxc5 21. Bf5
a5 22. Re2 d4 23. Rd1 Qb6 24. Qf4 Rad8 25. Rd3 Rfe8 26. h4 Qc7 27. Qe4 Qe7 28.
h5 Bxf5 29. gxf5 Kh8 30. Qg4 Ba7 31. Nh4 Qc7 32. f4 f6 33. Nf3 Bb8 34. Kh1 a4
35. Rg2 axb3 36. axb3 Qb7 37. h6 gxh6 38. Qh4 Rf8 39. Qxh6 fxe5 40. Nh4 Rg8 41.
Qf6+ 1-0

[Event "Fide Women Grand Prix Geneva 2013"]
[Site "Geneva SUI"]
[Date "2013.05.13"]
[Round "9.3"]
[White "Girya, Olga"]
[Black "Khotenashvili, Bela"]
[Result "0-1"]
[WhiteElo "2463"]
[BlackElo "2505"]
[PlyCount "216"]
[EventDate "2013.05.03"]
[EventType "tourn"]
[EventRounds "11"]
[EventCountry "SUI"]
[EventCategory "11"]
[Source "lmi"]
[SourceDate "2013.05.03"]

1. d4 d5 2. c4 e6 3. Nc3 Be7 4. Nf3 Nf6 5. Bg5 O-O 6. e3 h6 7. Bh4 Ne4 8. Bxe7
Qxe7 9. Rc1 c6 10. Bd3 Nxc3 11. Rxc3 dxc4 12. Bxc4 Nd7 13. Qc2 b6 14. Bd3 Nf6
15. e4 Bb7 16. O-O Rfd8 17. Rc1 Nd7 18. e5 c5 19. Be4 Bd5 20. Bxd5 exd5 21. Re1
Rac8 22. g3 Nf8 23. Nh4 g6 24. Rf3 cxd4 25. Qd2 Qg5 26. Qxd4 Rc4 27. Qe3 Re4
28. Qc1 Qxc1 29. Rxc1 Rxe5 30. Kf1 Re7 31. Rd3 Ne6 32. Rcd1 d4 33. Nf3 Rd5 34.
Rc1 g5 35. h3 h5 36. Rc4 Rc5 37. Rb4 Rd7 38. Ke2 Rcd5 39. Rc4 Rc5 40. Rxc5 bxc5
41. Rb3 Kg7 42. Rb5 Kf6 43. Kd3 h4 44. gxh4 gxh4 45. Nxh4 Nf4+ 46. Kd2 Re7 47.
Rxc5 Re2+ 48. Kd1 Rxf2 49. Rf5+ Ke6 50. b4 Nxh3 51. Ra5 d3 52. Ra6+ Kd5 53.
Rxa7 Kc4 54. a3 Ra2 55. Rc7+ Kb5 56. Nf3 Nf2+ 57. Kc1 Ne4 58. Rd7 Rc2+ 59. Kd1
Rc3 60. Rxf7 Rxa3 61. Kc1 Nd6 62. Rd7 Nc4 63. Nd4+ Kb6 64. Kb1 d2 65. Nc2 Rg3
66. Ka2 Rc3 67. Kb1 Rh3 68. Ka2 Rh1 69. Ne3 Kb5 70. Nxc4 d1=Q 71. Rxd1 Rxd1 72.
Nb2 Rg1 73. Kb3 Rg3+ 74. Kc2 Kxb4 75. Nd3+ Kc4 76. Nb2+ Kd4 77. Nd1 Rh3 78. Nb2
Rh2+ 79. Kb3 Rg2 80. Nc4 Rg8 81. Nb2 Rc8 82. Kb4 Rb8+ 83. Ka3 Rb5 84. Na4 Kd3
85. Nb2+ Kc2 86. Na4 Rb3+ 87. Ka2 Rg3 88. Nb2 Kc3 89. Na4+ Kb4 90. Nb2 Rg2 91.
Kb1 Kb3 92. Nd1 Rh2 93. Kc1 Rc2+ 94. Kb1 Rc8 95. Nb2 Kc3 96. Nd1+ Kd2 97. Nb2
Ra8 98. Nc4+ Kc3 99. Ne3 Rb8+ 100. Kc1 Kd3 101. Nd1 Rc8+ 102. Kb1 Kd2 103. Nb2
Rb8 104. Ka2 Kc2 105. Na4 Rb3 106. Nc5 Rb5 107. Na4 Rb4 108. Nc5 Rc4 0-1

[Event "Fide Women Grand Prix Geneva 2013"]
[Site "Geneva SUI"]
[Date "2013.05.14"]
[Round "10.2"]
[White "Dzagnidze, Nana"]
[Black "Ju, Wenjun"]
[Result "1-0"]
[WhiteElo "2545"]
[BlackElo "2544"]
[PlyCount "161"]
[EventDate "2013.05.03"]
[EventType "tourn"]
[EventRounds "11"]
[EventCountry "SUI"]
[EventCategory "11"]
[Source "lmi"]
[SourceDate "2013.05.03"]

1. d4 f5 2. Nc3 Nf6 3. Bg5 d5 4. Bxf6 exf6 5. e3 Be6 6. Bd3 Qd7 7. a3 Nc6 8.
Nge2 g6 9. b4 Ne7 10. Nf4 Bf7 11. Bb5 c6 12. Be2 Nc8 13. Na4 b6 14. O-O Nd6 15.
Nb2 Bh6 16. g3 O-O 17. Ng2 a5 18. c3 Ra7 19. Qc2 Rfa8 20. a4 Bf8 21. Rfb1 b5
22. axb5 cxb5 23. bxa5 Rxa5 24. Rxa5 Rxa5 25. Nf4 Qa7 26. Nfd3 Ne4 27. Nd1 Qc7
28. Nb4 g5 29. Bd3 g4 30. Kg2 Be6 31. Rb2 Bd6 32. Ra2 Rxa2 33. Qxa2 Nxc3 34.
Qa8+ Kg7 35. Na6 Qa5 36. Qb7+ Kg6 37. Nxc3 Qxc3 38. Bxb5 f4 39. gxf4 Qc2 40.
Bc6 Qe4+ 41. Kg1 Bc8 42. Qb5 Bxa6 43. Qxa6 Qb1+ 44. Qf1 Qxf1+ 45. Kxf1 f5 46.
Bxd5 Bb4 47. Be6 Kf6 48. Bc8 Bd6 49. Ke2 Bb4 50. e4 fxe4 51. Bxg4 h6 52. Ke3
Be1 53. h3 Ke7 54. Bf5 Kd6 55. Bxe4 Ke6 56. Bb7 Kd6 57. f3 Bg3 58. Ke4 Bf2 59.
Bc8 Bg3 60. Ba6 Bf2 61. Bc4 Bg3 62. Bg8 Bf2 63. Ba2 Be1 64. Kf5 Bd2 65. Be6 Be3
66. Ke4 Bf2 67. d5 Bg3 68. Kf5 Bh2 69. Kg4 Ke7 70. Bg8 Kf8 71. d6 Bg1 72. Be6
Bc5 73. d7 Bb6 74. f5 Bd8 75. Kf4 Bf6 76. Ke4 Ke7 77. Kd5 Bh4 78. Kc6 Kd8 79.
Bf7 Bg3 80. Be8 Bh4 81. Kd6 1-0

[Event "Fide Women Grand Prix Geneva 2013"]
[Site "Geneva SUI"]
[Date "2013.05.14"]
[Round "10.5"]
[White "Batchimeg, Tuvshintugs"]
[Black "Girya, Olga"]
[Result "1/2-1/2"]
[WhiteElo "2298"]
[BlackElo "2463"]
[PlyCount "106"]
[EventDate "2013.05.03"]
[EventType "tourn"]
[EventRounds "11"]
[EventCountry "SUI"]
[EventCategory "11"]
[Source "lmi"]
[SourceDate "2013.05.03"]

1. d4 d5 2. c4 c6 3. Nf3 Nf6 4. Qc2 dxc4 5. Qxc4 Bf5 6. g3 e6 7. Bg2 Nbd7 8.
O-O Be7 9. Nc3 O-O 10. Re1 Bg6 11. e4 b5 12. Qxc6 b4 13. e5 Rc8 14. Qa6 bxc3
15. exf6 Nxf6 16. bxc3 Rxc3 17. Ne5 Qb6 18. Qxb6 axb6 19. d5 Bc5 20. dxe6 fxe6
21. Nxg6 hxg6 22. Be3 Bxe3 23. Rxe3 Rxe3 24. fxe3 Nd5 25. Bxd5 exd5 26. Rb1 Rf3
27. Rxb6 Rxe3 28. Rxg6 Ra3 29. Rd6 Ra5 30. Rd7 Rxa2 31. Rxd5 g6 32. Rd7 Rb2 33.
Rd1 Kg7 34. Rf1 Ra2 35. Rf2 Ra1+ 36. Kg2 Ra7 37. h4 Ra4 38. Kh3 Ra3 39. Kg4 Ra7
40. Rf4 Re7 41. Rc4 Rf7 42. h5 gxh5+ 43. Kxh5 Rf5+ 44. Kg4 Ra5 45. Rc7+ Kg6 46.
Rc6+ Kg7 47. Kh4 Rb5 48. g4 Ra5 49. g5 Ra1 50. Rc7+ Kg6 51. Rc6+ Kg7 52. Rc7+
Kg6 53. Rc6+ Kg7 1/2-1/2

[Event "Fide Women Grand Prix Geneva 2013"]
[Site "Geneva SUI"]
[Date "2013.05.14"]
[Round "10.6"]
[White "Cmilyte, Viktorija"]
[Black "Muzychuk, Anna"]
[Result "1/2-1/2"]
[WhiteElo "2522"]
[BlackElo "2585"]
[PlyCount "112"]
[EventDate "2013.05.03"]
[EventType "tourn"]
[EventRounds "11"]
[EventCountry "SUI"]
[EventCategory "11"]
[Source "lmi"]
[SourceDate "2013.05.03"]

1. d4 d5 2. c4 c6 3. Nf3 Nf6 4. e3 g6 5. Nc3 Bg7 6. Be2 O-O 7. O-O Bg4 8. b3 e6
9. Bb2 Nbd7 10. h3 Bxf3 11. Bxf3 Qe7 12. a4 Rfd8 13. Ba3 Qe8 14. a5 Bf8 15. a6
b6 16. b4 Rac8 17. cxd5 cxd5 18. Qb3 Nb8 19. b5 Bxa3 20. Qxa3 Rc7 21. Be2 Rdc8
22. Na4 Nbd7 23. Rfc1 Qf8 24. Qb2 Ne4 25. Rxc7 Rxc7 26. f3 Qc8 27. fxe4 Rc2 28.
Qa3 Rxe2 29. Rc1 Rc2 30. Rf1 Qd8 31. Qb3 Re2 32. Qd3 Ra2 33. Qb3 Re2 34. Qd3
Ra2 35. Nc3 Rb2 36. Rf2 Rxf2 37. Kxf2 Qh4+ 38. Kf1 Nf6 39. e5 Nh5 40. Ne2 Ng7
41. Ng1 Nf5 42. Nf3 Ng3+ 43. Ke1 Qe7 44. Nd2 h5 45. e4 Qh4 46. exd5 exd5 47.
Nf3 Qf4 48. Nd2 Nf5 49. Nf3 h4 50. Qc3 Kg7 51. Qc6 Qe4+ 52. Kd2 Qe3+ 53. Kd1
Qd3+ 54. Ke1 Qe3+ 55. Kd1 Qd3+ 56. Ke1 Qe3+ 1/2-1/2

[Event "Fide Women Grand Prix Geneva 2013"]
[Site "Geneva SUI"]
[Date "2013.05.15"]
[Round "11.2"]
[White "Girya, Olga"]
[Black "Cmilyte, Viktorija"]
[Result "0-1"]
[WhiteElo "2463"]
[BlackElo "2522"]
[PlyCount "76"]
[EventDate "2013.05.03"]
[EventType "tourn"]
[EventRounds "11"]
[EventCountry "SUI"]
[EventCategory "11"]
[Source "lmi"]
[SourceDate "2013.05.03"]

1. d4 Nf6 2. c4 e6 3. Nf3 c5 4. d5 d6 5. Nc3 exd5 6. cxd5 g6 7. Nd2 Bg7 8. e4
O-O 9. Be2 Na6 10. O-O Ne8 11. Nc4 Nac7 12. a4 f5 13. exf5 Rxf5 14. Ne3 Rf8 15.
Ne4 Qe7 16. Ng3 Nf6 17. Bd2 Qf7 18. Bc4 b6 19. b4 h5 20. h3 h4 21. Ne2 Ne4 22.
Rb1 Bd7 23. Bc1 Rae8 24. bxc5 Nxc5 25. Rb4 Re4 26. f3 Re7 27. Ba2 Qe8 28. Qd2
Bh6 29. f4 Bxa4 30. Nc3 Bd7 31. Nc4 Rf6 32. Qf2 Nd3 33. Qxh4 g5 34. Nxd6 Qf8
35. fxg5 Rxf1+ 36. Kh2 Bg7 37. Re4 Rxe4 38. Ndxe4 Nxc1 0-1

[Event "Fide Women Grand Prix Geneva 2013"]
[Site "Geneva SUI"]
[Date "2013.05.15"]
[Round "11.5"]
[White "Ju, Wenjun"]
[Black "Kosintseva, Tatiana"]
[Result "1-0"]
[WhiteElo "2544"]
[BlackElo "2517"]
[PlyCount "123"]
[EventDate "2013.05.03"]
[EventType "tourn"]
[EventRounds "11"]
[EventCountry "SUI"]
[EventCategory "11"]
[Source "lmi"]
[SourceDate "2013.05.03"]

1. g3 d5 2. f4 Nf6 3. Nf3 g6 4. Bg2 Bg7 5. O-O O-O 6. d3 c5 7. c3 Qc7 8. Na3
Nbd7 9. Qe1 b6 10. e4 dxe4 11. dxe4 e5 12. fxe5 Ng4 13. e6 fxe6 14. Ng5 Nde5
15. h3 Nd3 16. Rxf8+ Bxf8 17. Qf1 Nge5 18. Bf4 c4 19. Kh2 h6 20. Bxe5 Nxe5 21.
Nf3 Bxa3 22. bxa3 Bb7 23. Nxe5 Qxe5 24. Qxc4 Rc8 25. Qa4 Rxc3 26. Qe8+ Kh7 27.
Rf1 Rc7 28. Rf7+ Rxf7 29. Qxf7+ Qg7 30. Qxe6 Qc7 31. h4 h5 32. Qb3 Qe7 33. Qa4
Bc8 34. Qb4 Qc7 35. a4 Be6 36. a3 Qc5 37. Qb2 Qe7 38. Qe5 Qf7 39. a5 bxa5 40.
Qxa5 Bg4 41. Qc5 Be6 42. e5 Bb3 43. Qc6 Kg7 44. Kg1 Qe7 45. Qc3 Be6 46. Qb4 Qc7
47. Qb7 Qxb7 48. Bxb7 g5 49. Kf2 gxh4 50. gxh4 Kg6 51. Be4+ Kf7 52. Ke3 Bg4 53.
Bf3 Ke6 54. Bxg4+ hxg4 55. Kf4 g3 56. Kxg3 Kxe5 57. a4 a5 58. Kf3 Kf5 59. Ke3
Kg4 60. Kd4 Kxh4 61. Kc5 Kg5 62. Kb6 1-0

[Event "Fide Women Grand Prix Geneva 2013"]
[Site "Geneva SUI"]
[Date "2013.05.15"]
[Round "11.6"]
[White "Hou, Yifan"]
[Black "Dzagnidze, Nana"]
[Result "0-1"]
[WhiteElo "2617"]
[BlackElo "2545"]
[PlyCount "115"]
[EventDate "2013.05.03"]
[EventType "tourn"]
[EventRounds "11"]
[EventCountry "SUI"]
[EventCategory "11"]
[Source "lmi"]
[SourceDate "2013.05.03"]

1. e4 c5 2. Ne2 e6 3. d4 cxd4 4. Nxd4 a6 5. Nc3 Qc7 6. Be2 Nf6 7. O-O Be7 8. f4
d6 9. Kh1 Nbd7 10. Bf3 O-O 11. a4 Nb6 12. Qe1 e5 13. Nf5 Bxf5 14. exf5 Rfe8 15.
g4 e4 16. Nxe4 Qxc2 17. Qc3 Rac8 18. Qxc2 Rxc2 19. Nc3 d5 20. Bd1 Rxc3 21. bxc3
Bc5 22. Ba3 Bxa3 23. Rxa3 Nc4 24. Ra2 Ne4 25. Re2 Kf8 26. Rf3 Ke7 27. Bc2 Kd6
28. Bxe4 dxe4 29. Rh3 e3 30. Rxh7 Kd5 31. Kg2 Ke4 32. Rxg7 Kd3 33. Re1 Kd2 34.
Ra1 Nd6 35. f6 e2 36. Rg5 Nc4 37. Rd5+ Kxc3 38. Kf2 Ne3 39. Rd7 Nxg4+ 40. Ke1
Kb2 41. Rxb7+ Kxa1 42. Rxf7 Re4 43. Re7 Rxf4 44. f7 Nh6 45. Kxe2 Nxf7 46. a5
Nd8 47. Ra7 Rf6 48. h4 Nc6 49. Rg7 Nxa5 50. h5 Nc6 51. Rg6 Rxg6 52. hxg6 Ne7
53. g7 a5 54. Kd3 Kb2 55. Kd4 a4 56. Ke5 a3 57. Kf6 Ng8+ 58. Ke5 0-1